Online
Catalog

Consideraciones políticas sobre los golpes de estado / (Record no. 23438)

MARC details
000 -CABECERA
campo de control de longitud fija 00710nam a2200181 a 4500
001 - NÚMERO DE CONTROL
campo de control 000023942
005 - FECHA Y HORA DE LA ÚLTIMA TRANSACCIÓN
campo de control 20200930022604.0
008 - DATOS DE LONGITUD FIJA--INFORMACIÓN GENERAL
campo de control de longitud fija 110117s1964 ve 000 0 spa d
040 ## - FUENTE DE LA CATALOGACIÓN
Centro catalogador/agencia de origen DO-SdBNP
Lengua de catalogación spa
Centro/agencia transcriptor BNPHU
082 ## - NÚMERO DE LA CLASIFICACIÓN DECIMAL DEWEY
Número de clasificación nn*
Número de documento/Ítem nn*
049 ## - FONDOS LOCALES (OCLC)
Fondos de biblioteca BNGR
100 1# - ENTRADA PRINCIPAL--NOMBRE DE PERSONA
Nombre de persona Naudé, Gabriel.
9 (RLIN) 49258
245 10 - MENCIÓN DE TÍTULO
Título Consideraciones políticas sobre los golpes de estado /
Mención de responsabilidad, etc. Gabriel Naudé ; introducción, traducción y notas Juan Carlos Rey.
260 ## - PUBLICACIÓN, DISTRIBUCIÓN, ETC.
Lugar de publicación, distribución, etc. Caracas :
Nombre del editor, distribuidor, etc. Instituto de Estudios Políticos. Facultad de Derecho. Universidad Central de Venezuela,
Fecha de publicación, distribución, etc. 1964.
300 ## - DESCRIPCIÓN FÍSICA
Extensión 258 p. ;
Dimensiones 19 cm.
500 ## - NOTA GENERAL
Nota general Incluye referencias bibliográficas y notas al pie de las páginas.
700 1# - PUNTO DE ACCESO ADICIONAL--NOMBRE DE PERSONA
Nombre de persona Rey, Juan Carlos,
Término indicativo de función/relación tr.
9 (RLIN) 15954
Holdings
Estado de retiro Estado de pérdida Restricciones de uso No para préstamo Código de colección Localización permanente Ubicación/localización actual Ubicación en estantería Fecha de adquisición Número de inventario Total de préstamos Signatura topográfica completa Código de barras Fecha visto por última vez Precio válido a partir de Tipo de ítem Koha Número de copia
        Monografías: Libros y Folletos General General Depósito 17.01.2011 LF1   nn* nn* 23942-10 25.06.2020 25.06.2020 Préstamo en sala  
      Excluido de préstamo Monografías: Libros y Folletos Patrimonio Dominicano Patrimonio Dominicano Depósito 30.01.2015 LF1   nn* nn* 23942-20 25.06.2020 25.06.2020 No se presta e. 2

Powered by Koha